000 00540nam a2200217Ia 4500
008 210210b2010 xxu||||| |||| 00| 0 eng d
041 _aeng
082 _a337 STEN
100 _aSTEGER (Manfred B)
245 _aNeoliberalism: a very short introduction
260 _aNew York
_bOxford University Press
_c2010
300 _axvi,150
650 _avery
650 _ashort
650 _aNeoliberalism:
650 _aintroduction
650 _aa
690 _aInternational Economics
700 _aROY (Ravi K)
906 _a067954
999 _c152297
_d152297